000 00520nam a2200205Ia 4500
005 20250210034426.0
008 240331s9999 xx 000 0 und d
020 _a0553123084
082 _bROS
_a305.4
_241
245 4 _aThe Feminist Papers:
_bFrom Adams to de Beauvoir
250 _a2nd Edition
260 _aNew York
_bBantam Books
_c1974
300 _axix, 716 p.,
650 _aWomen
650 _aWomen Workers
650 _aFeminism
650 _aClass Politics
700 _aRossi, A. S
_eedt
942 _cL
999 _c1647
_d1647